| 000 | 00466nam a22001697a 4500 | ||
|---|---|---|---|
| 005 | 20241221122445.0 | ||
| 008 | 241221b ||||| |||| 00| 0 eng d | ||
| 040 | _cAL | ||
| 041 | _aEnglish | ||
| 082 |
_223 _a348.04 _bEASS |
||
| 100 |
_aEastern Book Company _9191827 |
||
| 245 | _aSupreme Court Cases 2002: Vol 8 | ||
| 260 |
_aLucknow _bEastern Book Company _c2019 |
||
| 650 |
_aLaw _9191828 |
||
| 650 |
_aMode of Citation (2002) 8 SCC _9191829 |
||
| 942 |
_2ddc _cBI |
||
| 999 |
_c233359 _d233359 |
||